000 00321pam a2200133 a 4500
020 _c
041 _h
082 _a658
_bAGR
100 _aAGARWAL R.G.,
245 _aJOINT VENTURES ABROAD INDIAN EXPERIENCE
_hTextual Documents
260 _aNEW DELHI
_bPUBLICATIONS DIVISION
_c1984
300 _aXIV+152
930 _a8760
999 _c128214
_d128214